00410nam a2200133 a 450000100100000000500170001000800410002704000250006808200240009310000350011724500680015226000340022030000220025400004556020201002052321.0150415s1989 dr 000 0 spa d aDO-SdBNPbspacBNPHU axxxxxxxxxbxxxxxxxx1 aMarcano F., Eugenio de Jesús10aIsotipos en el herbario U.S.D. /cEugenio de Jesús Marcano F. aSanto Domingo :bUASD,c1989. a20 p. : ;c21 cm.